La fotografía en la historia argentina (Registro nro. 18720)

000 -CABECERA
campo de control de longitud fija 00739cam a22002651a 4500
001 - NÚMERO DE CONTROL
campo de control YPZ87849
003 - IDENTIFICADOR DEL NÚMERO DE CONTROL
campo de control YPZ
005 - FECHA Y HORA DE LA ÚLTIMA TRANSACCIÓN
campo de control 20201103082530.0
008 - DATOS DE LONGITUD FIJA--INFORMACIÓN GENERAL
campo de control de longitud fija 080317|###########||||||b||||||||||spa|d
020 ## - NÚMERO INTERNACIONAL ESTÁNDAR DEL LIBRO
Número Internacional Estándar del Libro 9507826432
020 ## - NÚMERO INTERNACIONAL ESTÁNDAR DEL LIBRO
Número Internacional Estándar del Libro 9507826424 (o.c.)
040 ## - FUENTE DE LA CATALOGACIÓN
Centro/agencia transcriptor SIUNPA
041 ## - CÓDIGO DE LENGUA
Código de lengua del texto/banda sonora o título independiente spa
044 ## - CÓDIGO DEL PAÍS DE LA ENTIDAD EDITORA/PRODUCTORA
Código MARC del país ag
080 ## - NÚMERO DE LA CLASIFICACIÓN DECIMAL UNIVERSAL
Número de la Clasificación Decimal Universal 77(82) F761f
245 ## - MENCIÓN DE TÍTULO
Título La fotografía en la historia argentina
250 ## - MENCIÓN DE EDICIÓN
Mención de edición 1a ed.
260 ## - PUBLICACIÓN, DISTRIBUCIÓN, ETC.
Lugar de publicación, distribución, etc. Buenos Aires
Nombre del editor, distribuidor, etc. : Arte Gráfico Editorial Argentino
Fecha de publicación, distribución, etc. , 2005
300 ## - DESCRIPCIÓN FÍSICA
Extensión v.
Otras características físicas : il.
500 ## - NOTA GENERAL
Nota general Realizado para celebrar los 60 años de existencia del diario Clarín
500 ## - NOTA GENERAL
Nota general La biblioteca posee v. 1-3
650 ## - PUNTO DE ACCESO ADICIONAL DE MATERIA--TÉRMINO DE MATERIA
Término de materia o nombre geográfico como elemento de entrada HISTORIA DE LA FOTOGRAFIA
650 ## - PUNTO DE ACCESO ADICIONAL DE MATERIA--TÉRMINO DE MATERIA
Término de materia o nombre geográfico como elemento de entrada HISTORIA ARGENTINA
942 ## - ELEMENTOS DE PUNTO DE ACCESO ADICIONAL (KOHA)
Tipo de ítem Koha Libros
Fuente del sistema de clasificación o colocación
Existencias
Estado de retiro Estado de pérdida Fuente del sistema de clasificación o colocación Especificación de materiales (volumen encuadernado u otra parte) Estado dañado No para préstamo Código de colección Localización permanente Ubicación/localización actual Fecha de adquisición Fuente de adquisición Coste, precio normal de compra Número de inventario Signatura topográfica completa Código de barras Fecha visto por última vez Precio válido a partir de Tipo de ítem Koha
      1     Colección General SIUNPA Biblioteca Académica Malvina Perazo 2008-03-11 Donación Huenchur, Laura 19.00 05-34577 77(82) F761f 05-34577 2019-04-03 2019-04-03 Libros
      2     Colección General SIUNPA Biblioteca Académica Malvina Perazo 2008-03-11 Donación Huenchur, Laura 19.00 05-34578 77(82) F761f 05-34578 2019-04-03 2019-04-03 Libros
      3     Colección General SIUNPA Biblioteca Académica Malvina Perazo 2008-03-11 Donación Huenchur, Laura 19.00 05-34579 77(82) F761f 05-34579 2019-04-03 2019-04-03 Libros